|
|
|
|
| LEADER |
00000nab a2200000 a 4500 |
| 001 |
vtls000068546 |
| 003 |
SK-MaSNL |
| 005 |
20260304235811.0 |
| 008 |
150501c1980 xo 0 slo |
| 015 |
|
|
|a SNBRB19rr/mm-uuuuu
|
| 035 |
|
|
|a CL0078646
|
| 040 |
|
|
|a SNKBUCL
|b slo
|c SNKBUCL
|e AACR2
|
| 041 |
0 |
|
|a slo
|
| 044 |
|
|
|a xo
|c SK
|
| 080 |
|
|
|a 621:334.7
|2 1981
|
| 080 |
|
|
|a 334.7
|2 1981
|
| 080 |
|
|
|a 339.1
|2 1981
|
| 100 |
1 |
|
|a Maciejewski, Miron
|4 aut
|9 1573701
|
| 245 |
1 |
0 |
|a Poznaň - mesto medzinárodných veľtrhov a svätojánskych jarmokov
|c Miron Maciejewski, Erika Bezdíčková
|
| 300 |
|
|
|b Obr. 1.
|
| 650 |
0 |
7 |
|a strojárstvo
|2 snkbucl
|9 674
|
| 655 |
|
7 |
|a články z novín a časopisov
|2 snkbucl
|9 267496
|
| 700 |
1 |
|
|a Bezdíčková, Erika,
|d 1931-
|4 aut
|9 5089
|
| 773 |
0 |
|
|t Technické noviny
|g Roč. 28, č. 35 (1980), s. 11
|
| 850 |
|
|
|a Slovenská národná knižnica v Martine
|a MTA001
|
| 852 |
|
|
|a SNK
|b KIS3GCP
|
| 958 |
|
|
|a RK
|
| 958 |
|
|
|a PL
|
| 992 |
|
|
|a RBX
|
| 999 |
|
|
|c 3210607
|d 3212537
|